Follow those feet! / (Record no. 6755)

MARC details
000 -LEADER
fixed length control field 00891nam a22002657a 4500
001 - CONTROL NUMBER
control field 6755
003 - CONTROL NUMBER IDENTIFIER
control field FISKH
005 - DATE AND TIME OF LATEST TRANSACTION
control field 20250526101116.0
008 - FIXED-LENGTH DATA ELEMENTS--GENERAL INFORMATION
fixed length control field 250526b cb ||||| |||| 00| 0 eng d
040 ## - CATALOGING SOURCE
Original cataloging agency FISKH
Language of cataloging eng
Transcribing agency FISKH
Modifying agency FISKH
050 ## - LIBRARY OF CONGRESS CALL NUMBER
Classification number PZ7.R355 F
082 ## - DEWEY DECIMAL CLASSIFICATION NUMBER
Classification number 133.254
100 ## - MAIN ENTRY--PERSONAL NAME
Personal name Ricci, Christine
245 ## - TITLE STATEMENT
Title Follow those feet! /
Statement of responsibility, etc. by Christine Ricci ; illustrated by Sasan Hall
260 ## - PUBLICATION, DISTRIBUTION, ETC.
Place of publication, distribution, etc. New York :
Name of publisher, distributor, etc. Simon Spotlight,
Date of publication, distribution, etc. 2003.
300 ## - PHYSICAL DESCRIPTION
Extent 24 unnumbered pages :
Other physical details color illustrations ;
Dimensions 23 cm
505 ## - FORMATTED CONTENTS NOTE
Formatted contents note E<br/>
520 ## - SUMMARY, ETC.
Summary, etc. Dora and Boots have found some strange footprints in the sandbox, and need the reader's help to discover who--or what--made them. Features rebuses.
521 8# - TARGET AUDIENCE NOTE
Target audience note 240<br/>
Source Lexile<br/>
521 8# - TARGET AUDIENCE NOTE
Target audience note E<br/>
Source Raz-Plus<br/>
650 ## - SUBJECT ADDED ENTRY--TOPICAL TERM
Topical term or geographic name entry element Footsteps
Form subdivision Dora the Explorer
700 ## - ADDED ENTRY--PERSONAL NAME
Personal name Hall, Susan
Dates associated with a name illustrator
942 ## - ADDED ENTRY ELEMENTS (KOHA)
Source of classification or shelving scheme Dewey Decimal Classification
Koha item type Books
Suppress in OPAC No
Holdings
Withdrawn status Lost status Source of classification or shelving scheme Damaged status Not for loan Collection Home library Current library Shelving location Date acquired Total Checkouts Full call number Barcode Date last seen Date last checked out Copy number Price effective from Koha item type
    Dewey Decimal Classification     Juvenile Fiction Footprints International School Library Network Toul Kork Campus Footprints International School Library Network Toul Kork Campus TK Primary Library Room(4th Floor), Bookcase 7, Shelves 57-60, Dark Green Books 05/26/2025 1 133.254 PZ7.R355 F FISTK01182 09/04/2025 08/14/2025 1 05/26/2025 Books